| 000 | 00644nam a2200193Ia 4500 | ||
|---|---|---|---|
| 003 | GCL | ||
| 008 | 140319s9999 xx 000 0 ara d | ||
| 040 |
_aGCL / _cGCL |
||
| 082 | 0 | 4 |
_a796.33 _bم ه |
| 100 | 1 | _aمحمد عبدالرحيم اسماعيل | |
| 245 | 1 | 0 |
_aالهجوم فى كرة القدم / _cمحمد عبدالرحيم اسماعيل |
| 260 |
_a[S.N] : _bمنشاة المعارف ، _c1990 |
||
| 300 | _a397 ص | ||
| 490 |
_aالاعداد والمباراة للاعبى كرة القدم _v0 |
||
| 650 | 0 | 4 | _aالرياضة البدنية |
| 650 | 0 | 4 | _aالرياضة |
| 650 | 0 | 4 | _aكرة السلة |
| 942 |
_2ddc _cBK |
||
| 999 |
_c32215 _d32215 |
||